| 000 | 00320nam a2200121Ia 4500 | ||
|---|---|---|---|
| 005 | 20260326235439.0 | ||
| 008 | 260326s9999||||xx |||||||||||||| ||und|| | ||
| 100 | _aUgarte, María | ||
| 245 | 0 |
_aMonumentos Coloniales / _cMaría Ugarte |
|
| 260 | _bMuseo de las Casas Reales | ||
| 650 | _aARQUITECTURA COLONIAL | ||
| 942 | _cBK | ||
| 999 |
_c7356 _d7356 |
||